000 00669cam a2200229 4500500
005 20260405002945.0
041 _afre
042 _adc
100 1 0 _aPortevin, Catherine
_eauthor
245 0 0 _aAlan Turing vu par Mark Alizart
260 _c2019.
500 _a70
690 _aAlan Turing
690 _aInformatique
690 _aIntelligence Artificielle
690 _aLogique
690 _aMachine
690 _aMark Alizart
690 _aOrdinateur
786 0 _nPhilosophie magazine | 133 | 10 | 2019-10-01 | p. 34-34 | 1951-1787
856 4 1 _uhttps://shs.cairn.info/magazine-philosophie-magazine-2019-10-page-34?lang=fr&redirect-ssocas=7080
999 _c2062920
_d2062920